al-Jumhūrīyah al-ʻArabīyah al-Muttaḥidah, (Record no. 45223)

MARC details
000 -LEADER
fixed length control field 00737cam a22002171 4500
001 - CONTROL NUMBER
control field ne 62001213
003 - CONTROL NUMBER IDENTIFIER
control field DLC
005 - DATE AND TIME OF LATEST TRANSACTION
control field 20260227111737.0
008 - FIXED-LENGTH DATA ELEMENTS--GENERAL INFORMATION
fixed length control field 890329m19591960ua 000 0 ararc
010 ## - LIBRARY OF CONGRESS CONTROL NUMBER
LC control number ne 62001213
035 ## - SYSTEM CONTROL NUMBER
System control number (OCoLC)19475161
040 ## - CATALOGING SOURCE
Original cataloging agency Princeton Univ. Libr.
Transcribing agency CU
Modifying agency CU
-- FU
-- DLC
050 00 - LIBRARY OF CONGRESS CALL NUMBER
Classification number DT107.83
Item number .S28
100 1# - MAIN ENTRY--PERSONAL NAME
Personal name Saʻīd, Amīn.
245 13 - TITLE STATEMENT
Title al-Jumhūrīyah al-ʻArabīyah al-Muttaḥidah,
Statement of responsibility, etc. taʼlīf Amīn Saʻīd.
260 ## - PUBLICATION, DISTRIBUTION, ETC.
Place of publication, distribution, etc. [al-Qāhirah]
Name of publisher, distributor, etc. ʻĪssa al-Bābī al-Ḥalabī
Date of publication, distribution, etc. [1959-1960]
300 ## - PHYSICAL DESCRIPTION
Extent 2 v.
Dimensions 26 cm.
490 0# - SERIES STATEMENT
Series statement Silsilat kutub tārikh al-ʻArab al-ḥadīth,
Volume/sequential designation 15
651 #0 - SUBJECT ADDED ENTRY--GEOGRAPHIC NAME
Geographic name United Arab Republic
General subdivision Politics and government.
651 #0 - SUBJECT ADDED ENTRY--GEOGRAPHIC NAME
Geographic name United Arab Republic
General subdivision Foreign relations.

No items available.

Powered by Koha